| 000 | 00619cam a22001811 4500 | ||
|---|---|---|---|
| 001 | 000018530 | ||
| 005 | 20200929165822.0 | ||
| 008 | 780606s1968 ve 000 0 spa | ||
| 010 | _a72389719 | ||
| 040 |
_aDO-SdBNP _cICU _dICU _dDLC |
||
| 050 | 0 | 0 |
_aPQ8549.C53 _bA19 1968 |
| 100 | 1 |
_aChocron, Isaac E., _d1932- _922454 |
|
| 245 | 0 | 0 |
_aTeatro : _bEl quinto infierno; Amoroso; Animales feroces, / _c[por] Isaac Chocron. |
| 260 |
_aCaracas : _bDireccion de Cultura, Universidad Central de Venezuela, _c1968. |
||
| 300 |
_a405 p. ; _c20 cm. |
||
| 490 | 0 |
_aLetras de Venezuela, _v12 |
|
| 910 | _aCatalogación por derivada / LC | ||
| 999 |
_c18050 _d18050 |
||